Statistics for Islamic Countries with the most Jews

Click here to take the quiz!

General Stats

  • This quiz has been taken 100 times
  • The average score is 7 of 10

Answer Stats

Number of JewsIslamic Country% Correct
9,500+Iran
91%
15,000+Turkey
85%
2,100+Morocco
76%
7,300+Azerbaijan
67%
1,000+Tunisia
67%
2,250+Pakistan
62%
2,500+Kazakhstan
55%
3,000+Uzbekistan
54%
400+Kyrgyzstan
52%
500+Bosnia and Herzegovina
44%

Score Distribution

Percentile by Number Answered

Percent of People with Each Score

Your Score History

You have not taken this quiz